|
|
|
|
| LEADER |
00561nam a22001457a 4500 |
| 020 |
|
|
|a 9788126436095
|
| 082 |
|
|
|a 894.812 3
|b THA/CH
|
| 100 |
|
|
|a Thakazhi Sivasankara Pillai
|
| 245 |
|
|
|a Chemmeen
|
| 260 |
|
|
|a Kottayam
|b D C Books
|c 2015
|
| 300 |
|
|
|a 247p.
|
| 942 |
|
|
|c BK
|
| 999 |
|
|
|c 2527
|d 2527
|
| 952 |
|
|
|0 0
|1 0
|4 0
|6 894_812000000000000_3_THA_CH
|7 0
|8 FIC
|9 3408
|a KUFOS
|b KUFOS
|c FIC
|d 2016-05-13
|o 894.812 3 THA/CH
|p 13744
|r 2016-05-13
|y BK
|
| 952 |
|
|
|0 0
|1 0
|4 0
|6 894_812000000000000_3_THA_CH
|7 0
|8 FIC
|9 3490
|a KUFOS
|b KUFOS
|c FIC
|d 2016-05-13
|o 894.812 3 THA/CH
|p 13632
|r 2016-05-13
|w 2016-05-13
|y BK
|